Izsapi nőnap

Bibliographic Details
Main Author: Tamási, Márta (Author)
Format: Article
Language:Hungarian
Slovak
PhysicalDescription:Fotogr.
ISSN:1339-2409
Subjects:

MARC

LEADER 00000nab a2200000 a 4500
001 vtls011720151
003 SK-MaSNL
005 20260318122306.0
008 171110|2017 xo m| || 000 0|hun
015 |a SNBRB2017/11 
038 |a DSZK 
040 |a DSZK  |b slo  |c DSZK  |e AACR2 
041 0 |a hun  |a slo 
044 |a xo  |c SK 
080 |a 793.38  |x (437.612)  |2 2011 
100 1 |a Tamási, Márta  |4 aut  |9 1214407 
245 1 0 |a Izsapi nőnap  |c Tamási Márta 
300 |b Fotogr. 
546 |a Dvojjazyčné vydanie 
611 2 7 |a Batôžkový ples na Medzinárodný deň žien  |n (2. :  |d 2017 :  |c Ižop, Slovensko)  |2 dszk  |9 1570566 
650 0 7 |a plesy  |2 SNKPH  |9 29442 
651 7 |a Ižop (Veľký Meder, Slovensko)  |2 dszk  |9 154494 
651 7 |a Veľký Meder (Slovensko)  |2 SNKPH  |9 19224 
773 0 |t Nagymegyeri hírmondó=Veľkomederský hlásnik  |g Évf. XIII, sz. 3 (2017), o. 10  |x 1339-2409 
852 |a DSZK  |b KIS3GCP 
958 |a HU 
958 |a SK 
999 |c 3202421  |d 3204351